000 00426nam a2200169Ia 4500
001 11884
003 GE_BSU
008 181216s||||||||xx |||||||||||||| ||und||
040 _cGE_BSU
245 _aSQL Server. №9(165). Сентябрь.2014.
245 _bЖурнал для профессионалов.
260 _aМосква
260 _c2014
300 _a23стр.30см.
653 _aSQL Server
942 _cCR
999 _c45061
_d45061